000 01134nam a2200289 c 4500
003 BLK
005 20180422093637.0
008 180412b bul|||||r ||||||| ||bul||
010 _aKNG00006844000
020 _a954-427-171-6
_bиздат.: Абагар
040 _aBLK
041 _aBUL
_cBUL
080 _aИконометрия. Математическа икономия
_b330.115
_x(075.8)
_z330.115(075.8)
100 1 _aДимитров, Александър Георгиев
_eпърви автор
_9363843
139 _aДимитров, Александър
_bД 58
245 1 0 _aВъведение в иконометрията
_bУчебник за студентите от ВУЗ
_cАлександър Георгиев Димитров.
257 _aBGR
260 В. Търново
_bАбагар
_c1995
300 _a312 с.
_bс табл., диагр.
_c22 см
380 _a3
650 4 _aИконометрия - учебници за ВУЗ
_9250355
852 _aЦб 182165
856 4 _qpdf
_u
856 4 _qpdf
_u
942 _cKNG
_n0
944 _aCR
_c03.04.2003
_kВиолета_Тройчева
944 _aED
_c25.01.2011
_k
999 _c5644
_d5644